Домашняя библиотека техника. № 10: Повторительный курс сопротивления материалов ... (Запись № 7330141)

Подробности
000 -МАРКЕР
контрольное поле 01025dam2a22002531 4500
001 - ИДЕНТИФИКАТОР ЗАПИСИ
контрольное поле v19\rc\2012819
005 - ИДЕНТИФИКАТОР ВЕРСИИ
контрольное поле 20250620002354.0
035 ## - ДРУГИЕ СИСТЕМНЫЕ НОМЕРА
Идентификатор записи (NLR Aleph) 005094380
100 ## - ДАННЫЕ ОБЩЕЙ ОБРАБОТКИ
Данные общей обработки 20080925d1902 |||y0rusy50 ca
101 0# - ЯЗЫК РЕСУРСА
Язык текста, звукозаписи и т.д. русский
102 ## - СТРАНА ПУБЛИКАЦИИ ИЛИ ПРОИЗВОДСТВА
Страна публикации Российская Федерация
105 ## - ПОЛЕ КОДИРОВАННЫХ ДАННЫХ: ТЕКСТОВЫЕ МАТЕРИАЛЫ, МОНОГРАФИЧЕСКИЕ
Кодированные данные о монографическом текстовом документе y z |||||
200 1# - ЗАГЛАВИЕ И СВЕДЕНИЯ ОБ ОТВЕТСТВЕННОСТИ
Основное заглавие Повторительный курс сопротивления материалов ...
Первые сведения об ответственности Сост. инж.-технолог Г.Л. Г-г
210 ## - ПУБЛИКАЦИЯ, РАСПРОСТРАНЕНИЕ И ДР.
Дата издания, распространения и т.д. 1902
Место издания, распространения и т.д. Б. м.
422 #0 - ИЗДАНИЕ, К КОТОРОМУ ОТНОСИТСЯ ПРИЛОЖЕНИЕ
Встроенное поле 2001#$aПрактик-монтер$v1902, окт.
Заглавие Практик-монтер
461 #0 - УРОВЕНЬ НАБОРА
Встроенное поле 001v19\rc\2012809
-- 2001#$aДомашняя библиотека техника$e№ 1-$v№ 10
Системный номер (АБИС) связанной записи 7330042
Место публикации Санкт-Петербург
Дата публикации 1902-1904
Имя издателя, распространителя и т.д. "Центр." типо-лит.
Сведения, относящиеся к заглавию № 1-
Заглавие Домашняя библиотека техника
Номер тома № 10
702 #1 - ИМЯ ЛИЦА - ВТОРИЧНАЯ ОТВЕТСТВЕННОСТЬ
Начальный элемент ввода Г-г
Часть имени, кроме начального элемента ввода Г.Л.
Код отношения Составитель
801 #0 - ИСТОЧНИК ЗАПИСИ
Страна Российская Федерация
Организация NLR
Правила каталогизации psbo
801 #1 - ИСТОЧНИК ЗАПИСИ
Страна Российская Федерация
Организация ProSoft-M
Источник данных rusmarc
852 ## - МЕСТОНАХОЖДЕНИЕ И ШИФР ХРАНЕНИЯ
Идентификатор организации NLR
Шифр хранения (Call Number) 45/14
942 ## - ДОПОЛНИТЕЛЬНЫЕ ЭЛЕМЕНТЫ ЗАПИСИ (АБИС)
Тип экземпляра АБИС Книга
980 ## - КОЛЛЕКЦИЯ
Название коллекции Национальная библиография

Нет доступных экземпляров.